Posouzení konkurenceschopnosti Ruska podle ukazatelů kvality institucionálního prostředí a jejich komparace se zeměmi BRIC
Vymedzenie pojmu konkurencieschopnosť. Makroekonomická konkurencieschopnosť. Meranie národnej konkurencieschopnosti. Konkurencieschopnosť ruskej ekonomiky. Hodnotenie konkurencieschopnosti Ruska podľa WEF a IMD.
Salvato in:
| Autore principale: | |
|---|---|
| Altri autori: | |
| Natura: | Capitolo di libro |
| Lingua: | ceco |
| Soggetti: | |
| Tags: |
Nessun Tag, puoi essere il primo ad aggiungerne!!
|
MARC
| LEADER | 00000naa a2200000 4500 | ||
|---|---|---|---|
| 001 | 0144855 | ||
| 005 | 20231207072427.4 | ||
| 041 | 0 | |a cze | |
| 044 | |a SK | ||
| 245 | 1 | 0 | |a Posouzení konkurenceschopnosti Ruska podle ukazatelů kvality institucionálního prostředí a jejich komparace se zeměmi BRIC |c Jana Kovářová, Monika Mrlinová |
| 520 | |a Vymedzenie pojmu konkurencieschopnosť. Makroekonomická konkurencieschopnosť. Meranie národnej konkurencieschopnosti. Konkurencieschopnosť ruskej ekonomiky. Hodnotenie konkurencieschopnosti Ruska podľa WEF a IMD. | ||
| 610 | 2 | 0 | |a konkurencieschopnosť |
| 610 | 2 | 0 | |a Rusko |
| 610 | 2 | 0 | |a pojmy |
| 610 | 2 | 0 | |a BRICS |
| 610 | 2 | 0 | |a prostredie podnikateľské |
| 610 | 2 | 0 | |a investori |
| 100 | 1 | |a Kovářová, Jana | |
| 700 | 1 | |a Mrlinová, Monika | |